Relación de causalidad y delito
Gardado en:
| Autor Principal: | |
|---|---|
| Formato: | Libro |
| Idioma: | Lingua castelá |
| Publicado: |
Santiago
Cruz del Sur
1943
|
| Subjects: | |
| Tags: |
Engadir etiqueta
Sen Etiquetas, Sexa o primeiro en etiquetar este rexistro!
|
MARC
| LEADER | 00000nam a2200000 a 4500 | ||
|---|---|---|---|
| 001 | UCR4088 | ||
| 003 | CL-VaPUC | ||
| 008 | 980307e19430000CL |||||||||||||||||spa|d | ||
| 082 | 0 | 4 | |a 364.2 |b DRA |2 21 |
| 100 | 0 | |a Drapkin, Abraham |e author |9 403682 | |
| 245 | 1 | 0 | |a Relación de causalidad y delito |
| 300 | |a 114 p | ||
| 942 | |c BK | ||
| 945 | |d 19980307 00:00:00 |a cmena | ||
| 260 | |a Santiago |b Cruz del Sur |c 1943 | ||
| 500 | |a Donación sucesión Carlos Garcés Dellinger | ||
| 650 | 0 | |a Delitos |9 224143 | |
| 650 | 7 | |a CAUSALIDAD |2 CL-VaPUC |9 225420 | |
| 650 | 7 | |a RELACIONES DE CAUSALIDAD |2 CL-VaPUC |9 383220 | |
| 650 | 7 | |a DERECHO PENAL |2 CL-VaPUC |9 11 | |
| 650 | 0 | |a Filosofía del derecho |9 255050 | |
| 650 | 0 | |a Teoría del derecho |9 255982 | |
| 583 | |a last modification |c 19980307 00:00:00 |k Rodrigo Vera | ||
| 999 | |c 267041 |d 267039 | ||
| 952 | |0 0 |1 0 |4 0 |6 364_200000000000000_DRA_1943 |7 0 |8 A |9 299185 |a BIBDER |b BIBDER |d 2019-11-20 |i 1957236 |o 364.2 DRA 1943 |p 1957236 |r 2023-01-25 |w 2019-11-20 |y BK |k DER | ||